[Event "Tradewise Gibraltar AmatWk1"]
[Site "Gibraltar"]
[Date "2018.01.26"]
[Round "5.27"]
[White "Davies, Cledwyn"]
[Black "Busch, Guenther"]
[Result "1-0"]
[WhiteElo "1536"]
[BlackElo "1537"]
[PlyCount "71"]
[EventDate "2018.01.22"]
[EventType "swiss"]
[EventRounds "5"]
[EventCountry "GGB"]

1. d4 d6 2. g3 g6 3. Bg2 Bg7 4. c3 Nd7 5. Nf3 e6 6. O-O Ne7 7. e4 O-O 8. Ng5 h6
9. Nh3 Rb8 10. Nd2 c5 11. Nf3 b6 12. Be3 Bb7 13. Nd2 e5 14. d5 Nf6 15. f4 Bc8
16. fxe5 Ng4 17. exd6 Nxe3 18. dxe7 Qxe7 19. Qe2 Nxf1 20. Rxf1 f5 21. Nf4 Kh7
22. Nc4 Ba6 23. Ne6 Rfe8 24. exf5 gxf5 25. Rxf5 Bc8 26. Qd3 Kg8 27. d6 Qd7 28.
Nxg7 Qxg7 29. Bd5+ Kh8 30. Rf7 Qg8 31. d7 Rf8 32. dxc8=Q Rbxc8 33. Qf5 Rxf7 34.
Bxf7 Rf8 35. Ne5 Rxf7 36. Qxf7 1-0

[Event "Tradewise Gibraltar AmatWk1"]
[Site "Gibraltar"]
[Date "2018.01.26"]
[Round "5.28"]
[White "Mahbubani, Arun"]
[Black "White, Gary"]
[Result "0-1"]
[WhiteElo "1288"]
[BlackElo "1663"]
[PlyCount "66"]
[EventDate "2018.01.22"]
[EventType "swiss"]
[EventRounds "5"]
[EventCountry "GGB"]

1. e4 Nf6 2. Nc3 d5 3. exd5 Nxd5 4. Nxd5 Qxd5 5. Nf3 Nc6 6. c3 Bg4 7. Be2 O-O-O
8. O-O h5 9. d4 e6 10. Ng5 Bxe2 11. Qxe2 e5 12. a3 exd4 13. c4 Qf5 14. Rd1 Be7
15. Qe4 Qxe4 16. Nxe4 Na5 17. Nd2 Bg5 18. b4 Bxd2 19. Bxd2 Nxc4 20. Bf4 f6 21.
a4 Ne5 22. b5 g5 23. Bc1 Rhe8 24. Bb2 d3 25. g3 d2 26. Kg2 g4 27. Ra2 Nf3 28.
h3 Re1 29. Raa1 Rde8 30. Bxf6 Rxd1 31. Rxd1 Re1 32. hxg4 hxg4 33. Rxd2 Rg1# 0-1

[Event "Tradewise Gibraltar AmatWk1"]
[Site "Gibraltar"]
[Date "2018.01.26"]
[Round "5.29"]
[White "Popham, Sarah"]
[Black "Glacner, Karel"]
[Result "0-1"]
[WhiteElo "1238"]
[BlackElo "1560"]
[PlyCount "70"]
[EventDate "2018.01.22"]
[EventType "swiss"]
[EventRounds "5"]
[EventCountry "GGB"]

1. Nf3 g6 2. g3 Bg7 3. Bg2 d5 4. O-O e5 5. d3 Bd7 6. Bd2 e4 7. Bc3 Bxc3 8. Nxc3
exf3 9. Bxf3 c6 10. e4 Bh3 11. Re1 d4 12. Ne2 Qf6 13. Nf4 Be6 14. Bg4 h5 15.
Bxe6 fxe6 16. e5 Qf5 17. c3 dxc3 18. bxc3 Ne7 19. Qb3 Nd5 20. Nxd5 cxd5 21.
Qxb7 O-O 22. Rf1 Nc6 23. Qxc6 Rac8 24. Qa4 Rxc3 25. Rad1 Rf7 26. d4 Rf3 27. Rd2
Qg5 28. Rb2 Kg7 29. Qa6 Qg4 30. Rd2 h4 31. Rdd1 h3 32. Qa5 Qe4 33. Rd3 Rxd3 34.
f3 Qe2 35. Rf2 Rd1+ 0-1

[Event "Tradewise Gibraltar AmatWk1"]
[Site "Gibraltar"]
[Date "2018.01.26"]
[Round "5.30"]
[White "Kympergr, Vojtech"]
[Black "Sagar, Siya"]
[Result "0-1"]
[WhiteElo "1468"]
[BlackElo "1199"]
[PlyCount "94"]
[EventDate "2018.01.22"]
[EventType "swiss"]
[EventRounds "5"]
[EventCountry "GGB"]

1. e4 e5 2. Nf3 Nc6 3. d4 exd4 4. Bc4 Bc5 5. c3 Nf6 6. e5 d5 7. Bb5 Ne4 8. Nxd4
Bd7 9. O-O O-O 10. Bxc6 bxc6 11. Be3 Bb6 12. Nd2 Nxd2 13. Qxd2 Qe7 14. Nf3 Bg4
15. Nd4 c5 16. Ne2 Qxe5 17. Nf4 d4 18. cxd4 cxd4 19. Nd3 dxe3 20. Nxe5 exd2 21.
Nxg4 Rfe8 22. Rfd1 Rad8 23. Kf1 f5 24. Ne3 Bxe3 25. fxe3 Rxe3 26. Kf2 f4 27. b4
g5 28. Rab1 Kf7 29. Rb2 Red3 30. Ke2 Ke6 31. Rdxd2 Rxd2+ 32. Rxd2 Rxd2+ 33.
Kxd2 Ke5 34. Kd3 Kd5 35. a3 h5 36. h3 g4 37. h4 f3 38. gxf3 gxf3 39. Ke3 Kc4
40. Kxf3 Kb3 41. Kf4 Kxa3 42. b5 Kb4 43. Kg5 Kxb5 44. Kxh5 a5 45. Kg4 a4 46. h5
a3 47. h6 a2 0-1

[Event "Tradewise Gibraltar AmatWk1"]
[Site "Gibraltar"]
[Date "2018.01.26"]
[Round "5.32"]
[White "Apps, Ian"]
[Black "Dhanwani, Aditya"]
[Result "0-1"]
[WhiteElo "1332"]
[BlackElo "1484"]
[PlyCount "34"]
[EventDate "2018.01.22"]
[EventType "swiss"]
[EventRounds "5"]
[EventCountry "GGB"]

1. d4 d5 2. Bf4 Nf6 3. e3 Bf5 4. Nc3 e6 5. Nf3 Bb4 6. Bd3 Bxc3+ 7. bxc3 Ne4 8.
Rb1 Nxc3 9. Qc1 Nxb1 10. Qxb1 Qc8 11. Bxf5 exf5 12. Bxc7 Qxc7 13. Ne5 O-O 14.
O-O Nd7 15. Nf3 Nf6 16. c3 Ne4 17. Qc2 Qxc3 0-1

[Event "Tradewise Gibraltar AmatWk2"]
[Site "Gibraltar"]
[Date "2018.01.27"]
[Round "1.1"]
[White "Melgar Guerrero, Salvador"]
[Black "Laws, Darren C"]
[Result "0-1"]
[WhiteElo "1713"]
[BlackElo "1895"]
[PlyCount "92"]
[EventDate "2018.01.27"]
[EventType "swiss"]
[EventRounds "5"]
[EventCountry "GGB"]

1. e4 e6 2. d4 d5 3. Nc3 Nf6 4. e5 Nfd7 5. f4 c5 6. Nf3 Nc6 7. Be3 Be7 8. Ne2
O-O 9. c3 Qc7 10. Ng3 cxd4 11. cxd4 f6 12. Qc2 f5 13. a3 Qa5+ 14. Kf2 Qb6 15.
Rd1 a5 16. Be2 Ndb8 17. h4 Bd7 18. Bd3 Na6 19. Ne2 Rac8 20. Qb1 h5 21. Ng5 Bxg5
22. hxg5 Be8 23. Rh3 a4 24. Rdh1 Na5 25. Ng3 g6 26. Ne2 Kg7 27. Nc3 Nc4 28.
Bxc4 Rxc4 29. Rd1 Rf7 30. Rhh1 Nb8 31. Ne2 Rfc7 32. Rc1 Bb5 33. Rxc4 Bxc4 34.
Nc3 Qa6 35. Rd1 Nc6 36. Rd2 Bb3 37. Qd3 Bc4 38. Qc2 Bb3 39. Qd3 Qb6 40. Qb5 Qa5
41. Qc5 Qxc5 42. dxc5 Na5 43. Nb5 Rc6 44. Nd4 Ra6 45. Nxe6+ Rxe6 46. Kg3 Ra6
0-1

[Event "Tradewise Gibraltar AmatWk2"]
[Site "Gibraltar"]
[Date "2018.01.27"]
[Round "1.2"]
[White "Prata, Jose"]
[Black "Maldonado Mena, German"]
[Result "1-0"]
[WhiteElo "1895"]
[BlackElo "1701"]
[PlyCount "63"]
[EventDate "2018.01.27"]
[EventType "swiss"]
[EventRounds "5"]
[EventCountry "GGB"]

1. e4 e5 2. Nc3 Nf6 3. Bc4 Be7 4. d3 d6 5. f4 Nc6 6. Nf3 Bg4 7. h3 Bxf3 8. Qxf3
exf4 9. Bxf4 Ne5 10. Bxe5 dxe5 11. O-O Bc5+ 12. Kh2 c6 13. a4 Qe7 14. Kh1 h5
15. Nd1 O-O-O 16. Ne3 Bxe3 17. Qxe3 a5 18. Qg5 Rhg8 19. c3 c5 20. Rf5 Rde8 21.
Raf1 Qc7 22. Qd2 Re7 23. b4 Rd8 24. Qb2 cxb4 25. cxb4 Nxe4 26. dxe4 Qxc4 27.
Rc1 Rd1+ 28. Rxd1 Qxe4 29. Qc1+ Rc7 30. Qb1 Rc2 31. Rf2 Re2 32. Qc1+ 1-0

[Event "Tradewise Gibraltar AmatWk2"]
[Site "Gibraltar"]
[Date "2018.01.27"]
[Round "1.3"]
[White "Volovik, Konstantin"]
[Black "Pena, Helio Adelino Silva"]
[Result "0-1"]
[WhiteElo "1701"]
[BlackElo "1894"]
[PlyCount "166"]
[EventDate "2018.01.27"]
[EventType "swiss"]
[EventRounds "5"]
[EventCountry "GGB"]

1. b4 e5 2. a3 d5 3. Bb2 Bd6 4. e3 Ne7 5. Nf3 f6 6. Be2 O-O 7. c4 c6 8. c5 Bc7
9. d4 e4 10. Nfd2 Nf5 11. Nf1 Nh6 12. Bc1 a5 13. Bb2 axb4 14. axb4 Rxa1 15.
Bxa1 Nd7 16. Nc3 f5 17. b5 Qg5 18. Ng3 f4 19. exf4 Bxf4 20. O-O Rf6 21. Bb2 Nf8
22. Bc1 Ng6 23. Nh5 Rf8 24. Nxf4 Nxf4 25. Bxf4 Qxf4 26. Qc1 Qf6 27. Qe3 Nf5 28.
Qf4 Nxd4 29. Qc7 Ne6 30. Qg3 Nxc5 31. Rc1 Nb3 32. Nxe4 dxe4 33. Qxb3+ Be6 34.
Qe3 Bd5 35. h3 Qb2 36. bxc6 bxc6 37. Bf1 h6 38. Qc5 Rf6 39. Rc2 Qa1 40. Rc1 Qe5
41. Bc4 Kh7 42. Qe3 Rg6 43. f4 Qb2 44. Bf1 h5 45. f5 Rf6 46. Qg5 Kg8 47. Re1 g6
48. Re2 Qe5 49. g4 Kg7 50. gxh5 Qxf5 51. h6+ Kh7 52. Qc1 Bc4 53. Re1 Bxf1 54.
Qe3 Qf3 55. Qxf3 Rxf3 56. Rxe4 Bxh3 57. Rh4 g5 58. Rc4 Rf6 59. Kh2 Bf1 60. Rc5
Kxh6 61. Kg3 Bb5 62. Re5 Kg6 63. Kg4 Rf4+ 64. Kg3 Rc4 65. Re8 g4 66. Re5 Kf6
67. Re1 c5 68. Re3 Bd7 69. Ra3 Rd4 70. Ra7 Rd3+ 71. Kf2 g3+ 72. Ke2 c4 73. Rc7
Be6 74. Rc6 Ke5 75. Rc5+ Kf4 76. Rc7 g2 77. Kf2 Rd2+ 78. Kg1 Bd5 79. Rc8 Rd1+
80. Kf2 Rd3 81. Re8 c3 82. Re1 c2 83. Ke2 Rd1 0-1

[Event "Tradewise Gibraltar AmatWk2"]
[Site "Gibraltar"]
[Date "2018.01.27"]
[Round "1.4"]
[White "Cherigui, Mourad"]
[Black "Diaz Mino, Daniel"]
[Result "1/2-1/2"]
[WhiteElo "1892"]
[BlackElo "1698"]
[PlyCount "175"]
[EventDate "2018.01.27"]
[EventType "swiss"]
[EventRounds "5"]
[EventCountry "GGB"]

1. e4 c5 2. Nf3 d6 3. d4 cxd4 4. Qxd4 Nc6 5. Bb5 Bd7 6. Bxc6 Bxc6 7. Nc3 Nf6 8.
Bg5 Qb6 9. Bxf6 gxf6 10. Qxb6 axb6 11. Nd4 Rg8 12. g3 Bg7 13. Nd5 Bxd5 14. exd5
f5 15. Nxf5 Bxb2 16. Rb1 Rxa2 17. O-O Rg5 18. Ne3 Bd4 19. Rfe1 Ra6 20. c4 Re5
21. Ng4 Rxe1+ 22. Rxe1 Ra4 23. Nh6 Ra2 24. Rf1 Rc2 25. Nf5 Bc5 26. Kg2 e6 27.
Nh4 Rxc4 28. Re1 Kd7 29. f4 b5 30. dxe6+ fxe6 31. f5 exf5 32. Nxf5 d5 33. Re5
Rc2+ 34. Kf3 Rxh2 35. Rxd5+ Kc6 36. Rd1 b4 37. Ke4 b3 38. Rd3 b2 39. Rb3 Re2+
40. Kf3 Rc2 41. Ke4 Re2+ 42. Kf3 Rf2+ 43. Ke4 Rd2 44. g4 Rg2 45. Kf3 Rc2 46.
Ke4 Rc4+ 47. Kd3 Rxg4 48. Rxb2 Rg5 49. Ke4 Rg1 50. Rh2 Re1+ 51. Kd3 Rd1+ 52.
Ke4 Rd7 53. Ke5 b6 54. Ke6 Ra7 55. Rc2 Kb5 56. Kd5 Rd7+ 57. Ke6 Rd1 58. Rh2
Re1+ 59. Kd5 Rd1+ 60. Ke6 Kb4 61. Rxh7 b5 62. Rh4+ Ka3 63. Rh3+ Ka4 64. Rc3 Bb4
65. Rh3 Bf8 66. Rh8 Bc5 67. Rc8 Ba3 68. Ke5 Bb2+ 69. Ke4 b4 70. Ne3 Rd4+ 71.
Kf3 Kb3 72. Nc2 Rd3+ 73. Ke2 Rc3 74. Nd4+ Ka2 75. Ra8+ Ra3 76. Rxa3+ Bxa3 77.
Kd3 Bc1 78. Kc2 Bh6 79. Nb3 Bg7 80. Nd2 Bf6 81. Nb3 Bc3 82. Na5 Ka3 83. Nb3 Ka4
84. Nc1 Bd4 85. Nb3 Be3 86. Na1 Ka3 87. Nb3 Ka2 88. Na5 1/2-1/2

[Event "Tradewise Gibraltar AmatWk2"]
[Site "Gibraltar"]
[Date "2018.01.27"]
[Round "1.5"]
[White "Lopez Diaz, Rafael"]
[Black "Obiamiwe, Paul"]
[Result "0-1"]
[WhiteElo "1687"]
[BlackElo "1891"]
[PlyCount "87"]
[EventDate "2018.01.27"]
[EventType "swiss"]
[EventRounds "5"]
[EventCountry "GGB"]

1. e4 e5 2. Nf3 Nc6 3. Bc4 Bc5 4. O-O d6 5. c3 Nf6 6. d4 Bb6 7. dxe5 dxe5 8.
Qxd8+ Nxd8 9. Nbd2 O-O 10. Nxe5 Re8 11. Ndf3 Nxe4 12. Bf4 Ne6 13. Rae1 Nd6 14.
Bg3 f6 15. Bxe6+ Bxe6 16. Nd3 Bxa2 17. Bxd6 cxd6 18. Nd2 Bf7 19. Nb4 a5 20. Nc2
Bg6 21. Rxe8+ Rxe8 22. Re1 Rc8 23. Ne3 Re8 24. Ndc4 Bc7 25. Rd1 Re6 26. Nd5 Bd8
27. f3 Bc2 28. Rd2 Bb3 29. Nf4 Re8 30. Nxd6 Bb6+ 31. Kf1 Rd8 32. Ke2 Bc7 33.
Ne4 Re8 34. Nd5 Bxh2 35. Kf2 Bb8 36. Ndxf6+ gxf6 37. Nxf6+ Kf8 38. Nxh7+ Kf7
39. Rd7+ Kg6 40. Rxb7 Bc4 41. b3 Re2+ 42. Kf1 Re7+ 43. bxc4 Rxb7 44. Nf8+ 0-1

[Event "Tradewise Gibraltar AmatWk2"]
[Site "Gibraltar"]
[Date "2018.01.27"]
[Round "1.6"]
[White "Spanton, Tim R"]
[Black "Shaw, John S"]
[Result "1/2-1/2"]
[WhiteElo "1888"]
[BlackElo "1680"]
[PlyCount "108"]
[EventDate "2018.01.27"]
[EventType "swiss"]
[EventRounds "5"]
[EventCountry "GGB"]

1. c4 c6 2. e4 d5 3. exd5 cxd5 4. d4 Nf6 5. Nc3 Nc6 6. Nf3 e6 7. c5 Ne4 8. Qc2
f5 9. Bb5 Bd7 10. Bxc6 bxc6 11. Ne5 Be7 12. O-O Bf6 13. Nxe4 fxe4 14. Bf4 O-O
15. b4 Be8 16. a4 a6 17. Rab1 Bxe5 18. Bxe5 Bg6 19. Qe2 e3 20. Rb3 Rxf2 21.
Rxf2 exf2+ 22. Qxf2 Qg5 23. Qf4 Qxf4 24. Bxf4 Bc2 25. Ra3 Ra7 26. Kf2 Rb7 27.
Bd2 Kf7 28. Bc3 Bd3 29. Ke3 Bc4 30. Kd2 Kg6 31. Kc2 Kf7 32. Bd2 Ke8 33. Re3 Re7
34. Be1 Kd7 35. Rf3 Ke8 36. Re3 Kd7 37. Bg3 Rf7 38. Kc3 Rf1 39. Be1 Rf5 40. Rh3
h6 41. Rg3 Rf7 42. Rg6 Bf1 43. Bd2 Be2 44. Be3 Bd1 45. a5 Bh5 46. Rg3 Be2 47.
h3 Ke7 48. Bg1 Bf1 49. Bh2 g5 50. Rg4 Rf2 51. Bd6+ Kd7 52. h4 Rxg2 53. Rxg2
Bxg2 54. hxg5 hxg5 1/2-1/2

[Event "Tradewise Gibraltar AmatWk2"]
[Site "Gibraltar"]
[Date "2018.01.27"]
[Round "1.7"]
[White "Stai, Sondre"]
[Black "Cemborain Oricain, Alfonso"]
[Result "0-1"]
[WhiteElo "1668"]
[BlackElo "1886"]
[PlyCount "76"]
[EventDate "2018.01.27"]
[EventType "swiss"]
[EventRounds "5"]
[EventCountry "GGB"]

1. d4 d5 2. c4 c6 3. Nf3 Nf6 4. Nc3 dxc4 5. e4 b5 6. a3 e6 7. Be2 Be7 8. O-O
O-O 9. Qc2 Bb7 10. Rd1 Qc7 11. Bg5 a6 12. b3 cxb3 13. Qxb3 c5 14. dxc5 Bxc5 15.
Bxf6 gxf6 16. Rd2 Nc6 17. Rad1 Qb6 18. Bf1 Rad8 19. Qb2 Nd4 20. Ne1 e5 21. Nd3
Be7 22. Kh1 Qe6 23. Nb4 a5 24. Nbd5 Bxa3 25. Qxa3 b4 26. Nxb4 axb4 27. Qxb4 Rb8
28. Qa3 Ra8 29. Qb2 Rfb8 30. Nb5 Nxb5 31. Qxb5 Bxe4 32. Qe2 Bg6 33. Rd6 Qf5 34.
f3 Kg7 35. Qc4 Rb2 36. Bd3 Qg5 37. g3 Raa2 38. Bxg6 Rxh2+ 0-1

[Event "Tradewise Gibraltar AmatWk2"]
[Site "Gibraltar"]
[Date "2018.01.27"]
[Round "1.8"]
[White "Garcia-Blazquez Perez, Manuel"]
[Black "White, Gary"]
[Result "1-0"]
[WhiteElo "1877"]
[BlackElo "1663"]
[PlyCount "47"]
[EventDate "2018.01.27"]
[EventType "swiss"]
[EventRounds "5"]
[EventCountry "GGB"]

1. e4 Nf6 2. e5 Nd5 3. c4 Nb6 4. d4 d6 5. f4 dxe5 6. fxe5 Bf5 7. Nc3 e6 8. Be3
Bb4 9. Nf3 h6 10. Bd3 Bxd3 11. Qxd3 N8d7 12. O-O Bxc3 13. bxc3 Nc5 14. Qb1 Nca4
15. d5 O-O 16. dxe6 fxe6 17. Qg6 Qe8 18. Qg4 h5 19. Qe4 Nxc3 20. Qc2 Nca4 21.
Ng5 g6 22. Rxf8+ Kxf8 23. Rf1+ Kg8 24. Rf6 1-0

[Event "Tradewise Gibraltar AmatWk2"]
[Site "Gibraltar"]
[Date "2018.01.27"]
[Round "1.9"]
[White "Izzard, Brian J"]
[Black "Flynn, David"]
[Result "1/2-1/2"]
[WhiteElo "1657"]
[BlackElo "1876"]
[PlyCount "68"]
[EventDate "2018.01.27"]
[EventType "swiss"]
[EventRounds "5"]
[EventCountry "GGB"]

1. d4 Nf6 2. Bg5 Ne4 3. h4 d5 4. Nd2 Nxd2 5. Qxd2 h6 6. Bf4 Nc6 7. Nf3 Bf5 8.
c3 e6 9. e3 Bd6 10. Bxd6 cxd6 11. Bd3 Bxd3 12. Qxd3 Qb6 13. Rb1 Na5 14. O-O Rc8
15. e4 dxe4 16. Qxe4 d5 17. Qg4 O-O 18. Ne5 Qd6 19. f4 Nc4 20. Nxc4 Rxc4 21.
Rbe1 b5 22. f5 Rc6 23. f6 g6 24. h5 g5 25. Re5 Kh7 26. Qe2 Rb8 27. Qd3+ Kh8 28.
Qe3 Rg8 29. a3 Rcc8 30. Rf3 a6 31. Rg3 Qd8 32. Rf3 Qd6 33. Rg3 Qd8 34. Rf3 Qd6
1/2-1/2

[Event "Tradewise Gibraltar AmatWk2"]
[Site "Gibraltar"]
[Date "2018.01.27"]
[Round "1.10"]
[White "Marcos Herrero, Francisco"]
[Black "Yilmaz, Kazim"]
[Result "1/2-1/2"]
[WhiteElo "1876"]
[BlackElo "1656"]
[PlyCount "127"]
[EventDate "2018.01.27"]
[EventType "swiss"]
[EventRounds "5"]
[EventCountry "GGB"]

1. Nf3 Nf6 2. c4 e6 3. g3 d5 4. b3 c5 5. e3 Nc6 6. Bg2 Bd6 7. Nc3 O-O 8. O-O d4
9. exd4 cxd4 10. Nb5 e5 11. Nxd6 Qxd6 12. d3 Bg4 13. Re1 Rfe8 14. Bb2 h6 15.
Qc2 Rad8 16. Rad1 Nh7 17. h3 Bxf3 18. Bxf3 Ng5 19. Bg2 f5 20. a3 a5 21. c5 Qg6
22. b4 axb4 23. axb4 e4 24. h4 Nf3+ 25. Bxf3 exf3 26. b5 Ne5 27. Bc1 Qg4 28.
Kh2 Ng6 29. c6 bxc6 30. bxc6 f4 31. c7 fxg3+ 32. fxg3 Rc8 33. Rxe8+ Rxe8 34.
Re1 Rc8 35. Re4 Qd7 36. Qa2+ Qf7 37. Qxf7+ Kxf7 38. h5 Nf8 39. Rxd4 Rxc7 40.
Rf4+ Ke8 41. Ba3 Ne6 42. Rxf3 Rc2+ 43. Kg1 Ra2 44. Bb4 Rb2 45. Bc3 Rb1+ 46. Kf2
Rb7 47. Ke3 Re7 48. Kd2 Rf7 49. Rxf7 Kxf7 50. Ke3 g6 51. g4 gxh5 52. gxh5 Ng5
53. Kf4 Ke6 54. Bd2 Nf7 55. Ke4 Nd6+ 56. Kf4 Nf7 57. Be3 Ne5 58. d4 Nf7 59. Ke4
Nd6+ 60. Kd3 Nf5 61. Bf4 Ng7 62. Be5 Nxh5 63. Ke4 Nf6+ 64. Bxf6 1/2-1/2

[Event "Tradewise Gibraltar AmatWk2"]
[Site "Gibraltar"]
[Date "2018.01.27"]
[Round "1.11"]
[White "Kearsley, Raymond J"]
[Black "Atakay, Mustafa"]
[Result "0-1"]
[WhiteElo "1655"]
[BlackElo "1874"]
[PlyCount "66"]
[EventDate "2018.01.27"]
[EventType "swiss"]
[EventRounds "5"]
[EventCountry "GGB"]

1. e4 c6 2. d4 d5 3. Nc3 dxe4 4. Bc4 Nf6 5. f3 b5 6. Bb3 b4 7. Nxe4 e6 8. Ne2
Nbd7 9. O-O Bb7 10. Nf4 Nd5 11. Nxd5 cxd5 12. Ng3 g6 13. Bf4 a5 14. c3 bxc3 15.
bxc3 Nb6 16. Rb1 Bc6 17. a4 Bg7 18. Rf2 O-O 19. Ra2 Qd7 20. Nf1 Rfc8 21. Nd2
Qa7 22. Bc2 Be8 23. Ra3 e5 24. Be3 Nc4 25. Nxc4 Rxc4 26. Qd3 exd4 27. cxd4 Bxd4
28. Bd1 Bxe3+ 29. Qxe3 Qxe3+ 30. Rxe3 Bxa4 31. Be2 Rb4 32. Rc1 Bb3 33. Rb1 Bc4
0-1

[Event "Tradewise Gibraltar AmatWk2"]
[Site "Gibraltar"]
[Date "2018.01.27"]
[Round "1.12"]
[White "Lochte, Szilvia"]
[Black "Greco, Joseph"]
[Result "1-0"]
[WhiteElo "1862"]
[BlackElo "1650"]
[PlyCount "71"]
[EventDate "2018.01.27"]
[EventType "swiss"]
[EventRounds "5"]
[EventCountry "GGB"]

1. d4 Nf6 2. Bf4 e6 3. e3 d5 4. Nd2 Be7 5. Ngf3 O-O 6. h3 Nbd7 7. Bd3 c5 8. c3
a6 9. a4 b6 10. O-O Re8 11. Qc2 Nf8 12. e4 Ng6 13. Bh2 Bb7 14. e5 Nd7 15. b3
Rc8 16. Qb2 cxd4 17. cxd4 Rc7 18. Rfc1 Rxc1+ 19. Rxc1 Qb8 20. Bg3 Rc8 21. h4
Rxc1+ 22. Qxc1 Ngf8 23. Ng5 h6 24. Nh3 Qc8 25. Qb2 Bb4 26. Nb1 Nb8 27. Bf4 a5
28. Bd2 Bxd2 29. Qxd2 Ba6 30. Nc3 Bxd3 31. Qxd3 Ng6 32. Kh2 Nxh4 33. Nb5 Nc6
34. Nd6 Qd8 35. Qc3 Nf5 36. Qxc6 1-0

[Event "Tradewise Gibraltar AmatWk2"]
[Site "Gibraltar"]
[Date "2018.01.27"]
[Round "1.13"]
[White "Savage, Neil"]
[Black "Robson, Paul E"]
[Result "0-1"]
[WhiteElo "1630"]
[BlackElo "1857"]
[PlyCount "54"]
[EventDate "2018.01.27"]
[EventType "swiss"]
[EventRounds "5"]
[EventCountry "GGB"]

1. e4 g6 2. d4 c5 3. Nf3 cxd4 4. Nxd4 Bg7 5. c4 Nc6 6. Be3 Nf6 7. Nc3 Ng4 8.
Qxg4 Nxd4 9. Qd1 e5 10. Qd2 O-O 11. Rd1 a6 12. Ne2 Re8 13. f3 Nc6 14. Nc3 Nd4
15. Ne2 Ne6 16. Nc3 f5 17. Be2 f4 18. Bf2 Bf8 19. Na4 b5 20. Nb6 Rb8 21. Nxd7
Bxd7 22. Qxd7 Qa5+ 23. Kf1 Rbd8 24. Qc6 Rxd1+ 25. Bxd1 Qd8 26. Bb3 Qd3+ 27. Ke1
Bb4# 0-1

[Event "Tradewise Gibraltar AmatWk2"]
[Site "Gibraltar"]
[Date "2018.01.27"]
[Round "1.14"]
[White "Webel, Peter"]
[Black "Haddock, Paul"]
[Result "1-0"]
[WhiteElo "1853"]
[BlackElo "1580"]
[PlyCount "52"]
[EventDate "2018.01.27"]
[EventType "swiss"]
[EventRounds "5"]
[EventCountry "GGB"]

1. d4 Nf6 2. c4 d6 3. Nc3 g6 4. e4 Bg7 5. Be2 O-O 6. Bg5 h6 7. Be3 e5 8. d5 a5
9. h4 Na6 10. Qd2 h5 11. Bg5 Nc5 12. f3 c6 13. O-O-O cxd5 14. Nxd5 Ne6 15. g4
Nxg5 16. hxg5 Nxd5 17. cxd5 hxg4 18. fxg4 Bd7 19. Kb1 f6 20. gxf6 Rxf6 21. Nh3
Qf8 22. Rdg1 b5 23. Ng5 Bh6 24. Rd1 Bxg5 25. Qxg5 Qg7 26. Rh6 Qe7 1-0

[Event "Tradewise Gibraltar AmatWk2"]
[Site "Gibraltar"]
[Date "2018.01.27"]
[Round "1.15"]
[White "Luostarinen, Asmo"]
[Black "Gonzalez Pabollet, Jesus Maria S"]
[Result "0-1"]
[WhiteElo "1580"]
[BlackElo "1852"]
[PlyCount "92"]
[EventDate "2018.01.27"]
[EventType "swiss"]
[EventRounds "5"]
[EventCountry "GGB"]

1. e4 c5 2. Nf3 e6 3. d4 cxd4 4. Nxd4 Nf6 5. Nc3 d6 6. Be3 a6 7. Be2 Be7 8. O-O
O-O 9. a4 Nbd7 10. Qd2 Qc7 11. h3 b6 12. f3 Bb7 13. Bf2 d5 14. exd5 Nxd5 15.
Nxd5 Bxd5 16. Bd3 Ne5 17. Qe2 Nxd3 18. cxd3 Rac8 19. Rfc1 Qb8 20. Qd1 Bg5 21.
Rc2 Rxc2 22. Nxc2 Rc8 23. Ne3 Rd8 24. Rc1 Qd6 25. Qe2 Qf4 26. Qc2 h6 27. Rd1
Bb7 28. Qb3 Rb8 29. Qc4 Qd6 30. d4 b5 31. axb5 axb5 32. Qc5 Qd7 33. Ng4 Rc8 34.
Qa3 Bd5 35. Qd3 Bf4 36. g3 Bc4 37. Qe4 Bb3 38. Ra1 Bb8 39. Ne5 Qe8 40. Nd3 Bd5
41. Qe2 Bd6 42. Ne5 f6 43. Ng4 Bc4 44. Qd2 Qd7 45. Ne3 Bb3 46. Ra3 Bxa3 0-1

[Event "Tradewise Gibraltar AmatWk2"]
[Site "Gibraltar"]
[Date "2018.01.27"]
[Round "1.16"]
[White "James, Kevin"]
[Black "Glacner, Karel"]
[Result "1-0"]
[WhiteElo "1851"]
[BlackElo "1560"]
[PlyCount "87"]
[EventDate "2018.01.27"]
[EventType "swiss"]
[EventRounds "5"]
[EventCountry "GGB"]

1. d4 e5 2. dxe5 Nc6 3. Nf3 Qe7 4. Nc3 Nxe5 5. e4 c6 6. Nxe5 Qxe5 7. f4 Qd6 8.
Qf3 b6 9. Bc4 Bb7 10. Bd2 a5 11. a4 Qe7 12. Bb3 d5 13. O-O d4 14. Nd1 O-O-O 15.
e5 Nh6 16. Re1 Qh4 17. g3 Qh3 18. Nf2 Qd7 19. e6 Qc7 20. c3 c5 21. Qe2 Qc6 22.
Qe4 Qxe4 23. Nxe4 f6 24. h3 Be7 25. Rac1 Nf5 26. g4 Nh4 27. Kf2 Ng6 28. Ng3 Ba6
29. Nf5 d3 30. c4 h5 31. Kg3 h4+ 32. Kf2 Rhg8 33. Ba2 Rde8 34. Rc3 Kc7 35. Bb1
Bc8 36. Bxd3 Nf8 37. Nxe7 Rxe7 38. f5 Nh7 39. Bf4+ Kb7 40. Be4+ Ka6 41. Bd6
Rxe6 42. fxe6 Bxe6 43. Bxh7 Re8 44. Bg6 1-0

[Event "Tradewise Gibraltar AmatWk2"]
[Site "Gibraltar"]
[Date "2018.01.27"]
[Round "1.17"]
[White "Oliva Parra, Ernesto"]
[Black "Parker, Keith"]
[Result "0-1"]
[WhiteElo "1560"]
[BlackElo "1849"]
[PlyCount "62"]
[EventDate "2018.01.27"]
[EventType "swiss"]
[EventRounds "5"]
[EventCountry "GGB"]

1. e4 d6 2. d4 Nf6 3. Nc3 Nbd7 4. Nf3 e5 5. d5 c6 6. Bc4 h6 7. h3 Be7 8. a3 Qc7
9. O-O Nf8 10. Ba2 g5 11. Nh2 Ng6 12. Re1 Bd7 13. Bc4 Nf4 14. Bf1 Rg8 15. Kh1
Qb6 16. Be3 Qc7 17. Bc1 h5 18. Re3 h4 19. g4 hxg3 20. Rxg3 Qc8 21. Ng4 Bxg4 22.
Qxg4 Nxg4 23. Rxg4 Rh8 24. Rg3 Nxh3 25. Kg2 Nf4+ 26. Kf3 f5 27. Ke3 cxd5 28.
Bb5+ Kf7 29. exd5 Qc5+ 30. Kf3 g4+ 31. Rxg4 fxg4+ 0-1

[Event "Tradewise Gibraltar AmatWk2"]
[Site "Gibraltar"]
[Date "2018.01.27"]
[Round "1.18"]
[White "Georgieva, Emilia"]
[Black "Nutu, Mihail Puiu"]
[Result "1-0"]
[WhiteElo "1848"]
[BlackElo "1558"]
[PlyCount "77"]
[EventDate "2018.01.27"]
[EventType "swiss"]
[EventRounds "5"]
[EventCountry "GGB"]

1. d4 Nf6 2. Nf3 g6 3. Bg5 Bg7 4. Nbd2 O-O 5. e3 d6 6. Bd3 Na6 7. c3 c6 8. Qc2
Nc7 9. h4 Nh5 10. O-O-O h6 11. Bf4 Qe8 12. Rdg1 Nxf4 13. exf4 Nd5 14. g3 Nf6
15. Re1 Qd8 16. f5 Bxf5 17. Bxf5 gxf5 18. Qxf5 e6 19. Qf4 Nd5 20. Qe4 Nf6 21.
Qc2 Qa5 22. Kb1 Qf5 23. Qxf5 exf5 24. Nc4 Ne4 25. Rhf1 Rfe8 26. Ne3 Re6 27.
Nxf5 Rae8 28. Rxe4 Rxe4 29. Nxd6 Kf8 30. Nxe4 Rxe4 31. Re1 Rxe1+ 32. Nxe1 Ke7
33. Kc2 Ke6 34. Kd3 Kd6 35. b4 Bf6 36. Nc2 Bd8 37. Ne3 Ke6 38. Ke4 Bc7 39. Nf5
1-0

[Event "Tradewise Gibraltar AmatWk2"]
[Site "Gibraltar"]
[Date "2018.01.27"]
[Round "1.19"]
[White "Naldrett, Geoffrey"]
[Black "Johansson, Daniel"]
[Result "0-1"]
[WhiteElo "1547"]
[BlackElo "1832"]
[PlyCount "130"]
[EventDate "2018.01.27"]
[EventType "swiss"]
[EventRounds "5"]
[EventCountry "GGB"]

1. c4 e5 2. Nc3 Nf6 3. g3 Be7 4. Bg2 O-O 5. d3 Re8 6. Nf3 Bf8 7. Nd2 c6 8. e4
Na6 9. a3 Nc5 10. Qc2 Ne6 11. Nb3 Nd4 12. Qd1 d5 13. O-O dxc4 14. dxc4 Bg4 15.
f3 Be6 16. Nd2 Qb6 17. Kh1 Rad8 18. Na4 Qc7 19. b3 b5 20. Nb2 h5 21. h3 h4 22.
g4 g6 23. a4 a6 24. Rb1 Bh6 25. Qe1 Bg5 26. Rf2 Bf4 27. Nf1 Nxb3 28. Bxf4 exf4
29. Rc2 Nd4 30. Rc3 Qa5 31. cxb5 axb5 32. axb5 cxb5 33. Rcc1 Qa3 34. Qxh4 Kg7
35. Qf2 Nb3 36. Rc3 Rc8 37. Qc2 Rxc3 38. Qxc3 Rc8 39. Qe5 Rc5 40. Qxf4 Qa2 41.
Nd3 Qxb1 42. Nxc5 Nxc5 43. e5 Nfd7 44. Kh2 Qb2 45. Ne3 Qxe5 46. Qxe5+ Nxe5 47.
f4 Nc4 48. Nc2 Nd3 49. Be4 Nxf4 50. Bc6 Nd6 51. Kg3 Nd3 52. Nd4 Bc4 53. Kf3
Ne5+ 54. Ke3 Nxc6 55. Nxc6 Kf6 56. Kd4 Kg5 57. Ne5 Kh4 58. Kc5 Ne4+ 59. Kb4 Nf2
60. Nxc4 bxc4 61. Kxc4 Nxg4 62. hxg4 Kxg4 63. Kd4 Kf3 64. Ke5 g5 65. Kf5 g4 0-1